书目信息 |
| 题名: |
患了消化性溃疡怎么办
|
|
| 作者: | 顾同进 主编 | |
| 分册: | ||
| 出版信息: | 上海 上海科学技术文献出版社 2000.12 |
|
| 页数: | 203页 | |
| 开本: | 18cm | |
| 丛书名: | ||
| 单 册: | ||
| 中图分类: | R573.1 | |
| 科图分类: | ||
| 主题词: | 消化系统疾病 , 腹腔疾病 | |
| 电子资源: | ||
| ISBN: | 7-5439-1624-X | |
| 000 | 00607nam0 2200205 45 | |
| 001 | 0457180790 | |
| 005 | 2004060915530079 | |
| 010 | @a7-5439-1624-X@dCNY 11.00 | |
| 100 | @a20040609d2000 km y0chiy0120 ea | |
| 101 | 0 | @achi |
| 102 | @aCN@b310000 | |
| 200 | 1 | @a患了消化性溃疡怎么办@Ahuan le xiao hua xing kui yang zen mo ban@f顾同进主编@Fgu tong jin zhu bian |
| 210 | @a上海@c上海科学技术文献出版社@d2000.12 | |
| 215 | @a203页@d18cm | |
| 606 | 0 | @a消化系统疾病 |
| 606 | 0 | @a腹腔疾病 |
| 690 | 1 | @aR573.1@v4 |
| 701 | 0 | @a顾同进@Agu tong jin@4主编 |
| 801 | 0 | @aCN@bPFT@c20040609 |
| 905 | @a10447@dR573.1@eG510 | |
| 患了消化性溃疡怎么办/顾同进主编.-上海:上海科学技术文献出版社,2000.12 |
| 203页;18cm |
| ISBN 7-5439-1624-X:CNY 11.00 |
| ● |
| 相关链接 |
|
|
|
正题名:患了消化性溃疡怎么办
索取号:R573.1/G510
 
预约/预借
| 序号 | 登录号 | 条形码 | 馆藏地/架位号 | 状态 | 备注 |
| 1 | 379447 | 203794475 | 自科库401/401自科库 18排4列3层/ [索取号:R573.1/G510] | 在馆 | |
| 2 | 379448 | 203794484 | 自科库401/401自科库 18排4列3层/ [索取号:R573.1/G510] | 在馆 |